Paroles - L'amour c'est comme un jour - Charles Aznavour - Statistiques

Statistiques générales
  • Ce quiz a été pris 7 fois
  • Le résultat moyen est 159 sur 210
Statistiques - réponses
Answers % Correct
à
100%
a
100%
ces
100%
c'est
100%
C'est
100%
comme
100%
de
100%
Et
100%
jour
100%
La
100%
L'amour
100%
l'amour
100%
1 Le
100%
ne
100%
Te
100%
tes
100%
un
100%
yeux
100%
brille
83%
Ça
83%
ça
83%
corps
83%
feux
83%
je
83%
Les
83%
Mais
83%
matins
83%
nu
83%
pas
83%
pleins
83%
que
83%
Que
83%
s'en
83%
soleil
83%
ton
83%
va
83%
vois
83%
amour
67%
blancheur
67%
caresse
67%
d'amour
67%
en
67%
est
67%
infini
67%
infinie
67%
laisse
67%
mon
67%
nos
67%
67%
s'enfuir
67%
tendresse
67%
cœurs
50%
d'un
50%
D'une
50%
jours
50%
lune
50%
mains
50%
mes
50%
m'ont
50%
plaisirs
50%
pluie
50%
sourire
50%
allé
33%
bataille
33%
bonheur
33%
brodés
33%
chamaille
33%
d'avenir
33%
Devant
33%
éperdues
33%
été
33%
Il
33%
mourir
33%
Nous
33%
nous
33%
oublié
33%
parlaient
33%
plus
33%
printemps
33%
reste
33%
ripaille
33%
souvenir
33%
souviens-tu
33%
Viens
33%
des
17%
lambeaux
17%
n'avons
17%
Notre
17%
n'y
17%
pu
17%
retenir
17%
S'il
17%
Aucun quiz correspondant
Distribution des résultats
% des personnes avec chaque résultat
Percentile par nombre de réponses
Votre historique - résultats
Vous n’avez pas pris ce quiz